000 00484nam a2200181Ia 4500
008 151202s9999||||xx |||||||||||||| ||und||
082 _bPNVM-83121
100 _aSTINE . L.R.
245 4 _aThe Scarecrow walks at midnight 2.
260 _bSCHOLASTIC PRESS NEW YORK.
260 _c1994
300 _a122
600 _aSTINE . L.R.
630 _aThe Scarecrow walks at midnight 2.
700 _aSTINE . L.R.
730 _aThe Scarecrow walks at midnight 2.
942 _cBOOK
999 _c1347849
_d1347846